Parafie Andory - Statystyki

Ogólne statystyki
  • Ten quiz został rozwiązany 697 razy
  • Średni wynik to 3 z 7
Odpowiedzi na mapie
Odpowiedzi zakodowano w zielono-czerwonej skali na mapie do tego quizu, zgodnie z poniższymi procentami.
 
Statystyki odpowiedzi
Parafie % Poprawnych
Andora
98%
Encamp
40%
Canillo
38%
Ordino
32%
La Massana
29%
Sant Julià de Lòria
28%
Escaldes-Engordany
24%
Nie znaleziono quizów pasujących do podanych kryteriów
Rozkład punktacji
Procent ludzi z każdym wynikiem
Percentyl według liczby udzielonych odpowiedzi
Twoja historia wyników
Nie rozwiązałeś tego quizu